[Event "Madrid-ch Previa A"]
[Site "Madrid ESP"]
[Date "2016.02.22"]
[Round "7.31"]
[White "Navarro Corredor, Angel"]
[Black "Ramos Antona, Enrique"]
[Result "0-1"]
[WhiteElo "1456"]
[BlackElo "1561"]
[PlyCount "86"]
[EventDate "2016.02.08"]
[EventType "swiss"]
[EventRounds "9"]
[EventCountry "ESP"]
[SourceDate "2016.02.08"]

1. e4 c5 2. Nf3 d6 3. Be2 Nf6 4. Nc3 e5 5. O-O Be7 6. Bc4 a6 7. a4 Bg4 8. Be2
O-O 9. Ne1 Be6 10. d3 h6 11. Be3 Nc6 12. Bf3 Nd4 13. Nd5 Nxf3+ 14. Qxf3 Nxd5
15. exd5 Bd7 16. Qg3 Bh4 17. Qf3 Qc8 18. Qe2 Bg4 19. f3 Bh5 20. Qd2 Bg6 21. f4
exf4 22. Bxf4 Qd7 23. Nf3 Bf6 24. d4 b6 25. c4 a5 26. b3 Be4 27. Be3 Qg4 28.
Ne1 Qg6 29. Ra2 Rfe8 30. Nc2 Bxc2 31. Rxc2 Rxe3 32. Rxf6 gxf6 33. Qxe3 Qxc2 34.
Qg3+ Kh7 35. dxc5 bxc5 36. Qxd6 Qd1+ 37. Kf2 Qd4+ 38. Kg3 Rg8+ 39. Kf3 Qg4+ 40.
Ke3 Re8+ 41. Kd2 Qe2+ 42. Kc1 Qe1+ 43. Kc2 Re2+ 0-1

[Event "Madrid-ch Previa A"]
[Site "Madrid ESP"]
[Date "2016.02.22"]
[Round "7.32"]
[White "Enriquez Pastor, Jorge"]
[Black "Suarez Mencia, Roberto"]
[Result "0-1"]
[WhiteElo "1425"]
[BlackElo "1448"]
[PlyCount "142"]
[EventDate "2016.02.08"]
[EventType "swiss"]
[EventRounds "9"]
[EventCountry "ESP"]
[SourceDate "2016.02.08"]

1. e4 c5 2. Nf3 Nc6 3. d4 cxd4 4. Nxd4 e5 5. Nb5 d6 6. N1c3 Nf6 7. Nd5 Nxd5 8.
exd5 Ne7 9. Nc3 g6 10. Bg5 Bg7 11. Qf3 O-O 12. Bc4 f6 13. Be3 Kh8 14. O-O-O a6
15. Qe2 b5 16. Bb3 Bd7 17. Bd2 Nf5 18. Be3 b4 19. Na4 Bxa4 20. Bxa4 a5 21. Bc6
Rc8 22. Qa6 Nxe3 23. fxe3 Bh6 24. Rde1 f5 25. Kb1 e4 26. g3 Bg7 27. Qc4 Be5 28.
Rhf1 Qf6 29. Qb3 Rb8 30. Ka1 Rfc8 31. Rb1 Qg7 32. a3 bxa3 33. Qxa3 Rb6 34. c3
Rcb8 35. Rfc1 Qh6 36. Rc2 Qxe3 37. Qxa5 Qd3 38. Rcc1 Qd2 39. Qa3 Qxh2 40. b4
Qxg3 41. b5 f4 42. Ka2 f3 43. c4 Qf2+ 44. Rb2 Bxb2 45. Qxb2+ Qxb2+ 46. Kxb2 Rf8
47. Kc2 f2 48. Rf1 Rf3 49. Kd2 h5 50. Bd7 Rb8 51. Ke2 Ra8 52. b6 Rb8 53. Rxf2
Rxb6 54. Rxf3 exf3+ 55. Kxf3 Rb4 56. Bb5 Kg7 57. Kg3 g5 58. Kf3 Kf6 59. Be8 h4
60. Bb5 Rb3+ 61. Kg2 Kf5 62. Bd7+ Kf4 63. c5 Rb2+ 64. Kf1 dxc5 65. Be6 g4 66.
d6 Rd2 67. d7 g3 68. Bh3 c4 69. Ke1 Ke3 70. Bf5 g2 71. d8=Q g1=Q# 0-1

[Event "Madrid-ch Previa A"]
[Site "Madrid ESP"]
[Date "2016.02.22"]
[Round "7.33"]
[White "Ojosnegros Martin, Angel"]
[Black "Beekhof Harmsen, Willen"]
[Result "1-0"]
[WhiteElo "1524"]
[BlackElo "1626"]
[PlyCount "57"]
[EventDate "2016.02.08"]
[EventType "swiss"]
[EventRounds "9"]
[EventCountry "ESP"]
[SourceDate "2016.02.08"]

1. e4 g6 2. d4 d6 3. g3 Bg7 4. Bg2 c6 5. Be3 Nd7 6. Ne2 e5 7. Nbc3 b5 8. a3 Bb7
9. O-O Ne7 10. Qd2 h6 11. Rad1 d5 12. exd5 Nxd5 13. Rfe1 Nxe3 14. Qxe3 Qc7 15.
d5 Qb6 16. dxc6 Bxc6 17. Qxb6 axb6 18. Bxc6 O-O-O 19. Nxb5 f5 20. Nec3 Rhf8 21.
Nd5 Nc5 22. Nxb6+ Kb8 23. b4 Ne6 24. Nd7+ Rxd7 25. Rxd7 Nd4 26. Rb7+ Kc8 27.
Na7+ Kd8 28. Rd1 e4 29. Rd7+ 1-0

[Event "Madrid-ch Previa A"]
[Site "Madrid ESP"]
[Date "2016.02.23"]
[Round "8.1"]
[White "Corredor San Jose, Antonio"]
[Black "Garcia Gutierrez, Jose"]
[Result "0-1"]
[WhiteElo "1792"]
[BlackElo "1928"]
[PlyCount "52"]
[EventDate "2016.02.08"]
[EventType "swiss"]
[EventRounds "9"]
[EventCountry "ESP"]
[SourceDate "2016.02.08"]

1. e4 e6 2. d4 d5 3. Nc3 Nf6 4. Bg5 Bb4 5. e5 h6 6. exf6 hxg5 7. fxg7 Rg8 8.
Qh5 Qf6 9. O-O-O Bxc3 10. bxc3 Qxg7 11. Nf3 Nd7 12. Bb5 c6 13. Bd3 Nf6 14. Qh3
g4 15. Qh4 gxf3 16. gxf3 Qg5+ 17. Qxg5 Rxg5 18. h4 Rh5 19. f4 Bd7 20. Be2 Rh6
21. Rdg1 Ke7 22. Rh2 Rah8 23. h5 Rg8 24. Rg5 Rgh8 25. Bf3 Ne4 26. Rg7 Nxc3 0-1

[Event "Madrid-ch Previa A"]
[Site "Madrid ESP"]
[Date "2016.02.23"]
[Round "8.2"]
[White "Ruiz Quevedo, Andres"]
[Black "Garcia Diez, Mariano"]
[Result "1-0"]
[WhiteElo "1902"]
[BlackElo "1902"]
[PlyCount "43"]
[EventDate "2016.02.08"]
[EventType "swiss"]
[EventRounds "9"]
[EventCountry "ESP"]
[SourceDate "2016.02.08"]

1. c4 b6 2. Nc3 Bb7 3. d3 e6 4. e4 c5 5. g3 Ne7 6. Bg2 Nbc6 7. Nge2 g6 8. Bf4
e5 9. Bg5 Bg7 10. Nd5 O-O 11. Nf6+ Kh8 12. Qd2 Nd4 13. Nxd4 cxd4 14. O-O h6 15.
Bh4 g5 16. Bxg5 hxg5 17. Qxg5 Ng8 18. Qh5+ Nh6 19. Ng4 Kh7 20. f4 f5 21. Nxh6
Bxh6 22. exf5 1-0

[Event "Madrid-ch Previa A"]
[Site "Madrid ESP"]
[Date "2016.02.23"]
[Round "8.3"]
[White "Pashov, Spas Nikolov"]
[Black "Fernandez Rios, Jose Francisco"]
[Result "1/2-1/2"]
[WhiteElo "1774"]
[BlackElo "1778"]
[PlyCount "21"]
[EventDate "2016.02.08"]
[EventType "swiss"]
[EventRounds "9"]
[EventCountry "ESP"]
[SourceDate "2016.02.08"]

1. e4 c5 2. Nf3 g6 3. d4 cxd4 4. Nxd4 Bg7 5. Nc3 Nc6 6. Be3 Nf6 7. Be2 O-O 8.
Nb3 d6 9. O-O Bd7 10. Qd2 Rc8 11. f3 1/2-1/2

[Event "Madrid-ch Previa A"]
[Site "Madrid ESP"]
[Date "2016.02.23"]
[Round "8.4"]
[White "Roldan Garcia, Angel"]
[Black "Camacho Casado, Demetrio"]
[Result "0-1"]
[WhiteElo "1838"]
[BlackElo "1909"]
[PlyCount "98"]
[EventDate "2016.02.08"]
[EventType "swiss"]
[EventRounds "9"]
[EventCountry "ESP"]
[SourceDate "2016.02.08"]

1. e4 e5 2. Nf3 Qe7 3. Nc3 c6 4. Be2 g6 5. d4 d6 6. Bg5 Nf6 7. d5 c5 8. Bb5+
Nbd7 9. Qd2 h6 10. Bxf6 Qxf6 11. a4 a6 12. Be2 Bg7 13. h3 O-O 14. Nh2 Qf4 15.
g3 Qxd2+ 16. Kxd2 f5 17. f3 Nf6 18. g4 fxe4 19. fxe4 Bd7 20. Nf1 Nh7 21. Ne3
Kf7 22. Raf1+ Ke7 23. Rxf8 Rxf8 24. Rf1 Rf4 25. Ng2 Rxf1 26. Bxf1 Ng5 27. Nh4
Kf7 28. Ke3 Bf6 29. Nf3 Nxf3 30. Kxf3 Bg5 31. b3 Ke7 32. Nd1 Kd8 33. Ne3 Kc7
34. c4 Kb6 35. Nc2 Ka5 36. Ke2 b5 37. axb5 axb5 38. Kd3 bxc4+ 39. bxc4 Ka4 40.
Be2 Kb3 41. Na1+ Kb2 42. Nc2 Ba4 43. Ne1 Bh4 44. Nf3 Bf2 45. g5 h5 46. Bf1 Bc2+
47. Ke2 Bg3 48. Bg2 Kc3 49. Ne1 Bxe1 0-1

[Event "Madrid-ch Previa A"]
[Site "Madrid ESP"]
[Date "2016.02.23"]
[Round "8.5"]
[White "Cabanas Bravo, Juan Andres"]
[Black "Fernandez Aransay, Fernando"]
[Result "1-0"]
[WhiteElo "2006"]
[BlackElo "1800"]
[PlyCount "111"]
[EventDate "2016.02.08"]
[EventType "swiss"]
[EventRounds "9"]
[EventCountry "ESP"]
[SourceDate "2016.02.08"]

1. e4 c5 2. Nf3 d6 3. d4 cxd4 4. Nxd4 Nf6 5. Nc3 g6 6. f4 Bg7 7. e5 dxe5 8.
fxe5 Ng4 9. Bb5+ Nc6 10. Nxc6 Qxd1+ 11. Nxd1 a6 12. Ba4 Bd7 13. h3 Nh6 14. Nxe7
Kxe7 15. Bxd7 Kxd7 16. O-O Ke6 17. Nc3 Rac8 18. Bg5 Rc5 19. Rae1 Nf5 20. Bf6
Bxf6 21. exf6+ Kd7 22. g4 Nd6 23. Re7+ Kc6 24. Ne2 h5 25. Nd4+ Kb6 26. Rd7 Rd5
27. Rd1 hxg4 28. c4 Rdh5 29. Rxd6+ Kc7 30. Nb3 Rxh3 31. Rd7+ Kc8 32. R7d3 g3
33. Kg2 Rh2+ 34. Kxg3 R8h4 35. Rd8+ Kc7 36. R1d7+ Kb6 37. c5+ Ka7 38. c6 R2h3+
39. Kg2 Rh2+ 40. Kf3 R2h3+ 41. Ke2 Rh2+ 42. Kd3 R2h3+ 43. Kd2 Rh2+ 44. Kc3
R2h3+ 45. Rd3 Rxd3+ 46. Rxd3 bxc6 47. Rd7+ Kb6 48. Rxf7 Rf4 49. Nd4 g5 50. Kd3
g4 51. Ne6 Rf1 52. Ke4 g3 53. Nf4 Rf2 54. Rg7 Rd2 55. f7 Rd8 56. Rg8 1-0

[Event "Madrid-ch Previa A"]
[Site "Madrid ESP"]
[Date "2016.02.23"]
[Round "8.6"]
[White "Martin-Consuegra Barrilero, Francisco Javier"]
[Black "Ruiz Sanchez, Roberto"]
[Result "1-0"]
[WhiteElo "1805"]
[BlackElo "1965"]
[PlyCount "123"]
[EventDate "2016.02.08"]
[EventType "swiss"]
[EventRounds "9"]
[EventCountry "ESP"]
[SourceDate "2016.02.08"]

1. Nf3 Nf6 2. c4 e6 3. g3 b6 4. Bg2 Bb7 5. O-O c5 6. Nc3 Be7 7. d3 O-O 8. e4 d6
9. Re1 a6 10. a3 Nc6 11. Qc2 Nd7 12. Ne2 Rc8 13. Rb1 b5 14. b3 Bf6 15. Bb2 Qc7
16. Bxf6 Nxf6 17. Qb2 Rfd8 18. Red1 Rb8 19. Qc1 Rdc8 20. Ne1 Ba8 21. Nc2 Rb6
22. Ne3 Rcb8 23. Qc2 Nd4 24. Nxd4 cxd4 25. Nf1 Nd7 26. b4 bxc4 27. dxc4 e5 28.
Qa2 a5 29. Nd2 Qa7 30. b5 Nc5 31. a4 Bb7 32. Qa3 Qa8 33. Re1 f5 34. f3 Rf8 35.
exf5 Rxf5 36. Ne4 Bxe4 37. fxe4 Rf8 38. Rbd1 Rb7 39. Rd2 Rbf7 40. Qa2 Qa7 41.
h3 Nd7 42. Kh2 Qc5 43. Qb3 Nb6 44. Rc1 Rf2 45. Rdc2 R8f3 46. Qa2 Rxc2 47. Rxc2
Ra3 48. Qb1 Rxa4 49. Rf2 Qxc4 50. Bf1 Qc5 51. Qd1 Ra3 52. Qg4 Qc8 53. Qg5 Qd7
54. h4 Rc3 55. Bh3 Qe8 56. Be6+ Kh8 57. Qf5 h6 58. h5 Rc7 59. Qf8+ Qxf8 60.
Rxf8+ Kh7 61. Bg8+ Kh8 62. Bf7+ 1-0

[Event "Madrid-ch Previa A"]
[Site "Madrid ESP"]
[Date "2016.02.23"]
[Round "8.7"]
[White "Perez Cameselle, Francisco Jose"]
[Black "Martin Garcia, Francisco Javier"]
[Result "1-0"]
[WhiteElo "1858"]
[BlackElo "1553"]
[PlyCount "101"]
[EventDate "2016.02.08"]
[EventType "swiss"]
[EventRounds "9"]
[EventCountry "ESP"]
[SourceDate "2016.02.08"]

1. Nf3 Nf6 2. g3 g6 3. Bg2 Bg7 4. O-O d5 5. d3 d4 6. e4 dxe3 7. fxe3 O-O 8. Nc3
c6 9. Qe2 Qa5 10. Bd2 Qh5 11. Rae1 Bh3 12. Bxh3 Qxh3 13. e4 Ng4 14. e5 c5 15.
Nd5 Nc6 16. Nf4 Qh6 17. Ne6 Qh5 18. Nxf8 Rxf8 19. c3 Bxe5 20. Nxe5 Ncxe5 21. d4
Nd3 22. Rb1 c4 23. b3 e5 24. dxe5 Ndxe5 25. h4 Rd8 26. Bf4 Nd3 27. Qe7 Qd5 28.
bxc4 Qc5+ 29. Qxc5 Nxc5 30. Rbd1 Re8 31. Rfe1 Rc8 32. Re7 Na4 33. Rxb7 Nxc3 34.
Rdd7 Ne2+ 35. Kg2 Nxf4+ 36. gxf4 Ne3+ 37. Kf3 Nf5 38. Rxa7 Rxc4 39. Rxf7 Rc3+
40. Kf2 Rc4 41. Rfd7 Rc8 42. Rxh7 Ra8 43. Rxa8+ Kxh7 44. Kf3 Nxh4+ 45. Kg4 Nf5
46. a4 Ne3+ 47. Kg5 Nd5 48. Ra7+ Kh8 49. a5 Kg8 50. Rd7 Nb4 51. Kxg6 1-0

[Event "Madrid-ch Previa A"]
[Site "Madrid ESP"]
[Date "2016.02.23"]
[Round "8.10"]
[White "Lopez Heras, Arturo"]
[Black "Calvo De Castro, Miguel"]
[Result "1-0"]
[WhiteElo "1812"]
[BlackElo "1773"]
[PlyCount "85"]
[EventDate "2016.02.08"]
[EventType "swiss"]
[EventRounds "9"]
[EventCountry "ESP"]
[SourceDate "2016.02.08"]

1. d4 Nf6 2. c4 g6 3. Nc3 Bg7 4. e4 d6 5. Nf3 O-O 6. Be2 Nc6 7. O-O e5 8. d5
Ne7 9. Ne1 Ne8 10. Be3 f5 11. f3 f4 12. Bf2 Nf6 13. c5 g5 14. cxd6 cxd6 15. Rc1
Ng6 16. Nb5 Rf7 17. Qc2 Ne8 18. Nxa7 Bd7 19. a4 Qa5 20. Nb5 Qxa4 21. Qxa4 Rxa4
22. Nc7 Nf6 23. Bb5 Rb4 24. Bxd7 Rxd7 25. Nd3 Rb3 26. Rfd1 g4 27. Ne6 Bh6 28.
Rc8+ Kf7 29. Kf1 g3 30. hxg3 fxg3 31. Bxg3 Nh5 32. Bh2 Be3 33. Ke2 Bf4 34. g4
Bxh2 35. gxh5 Nf4+ 36. Nexf4 Bxf4 37. Rg1 Bh6 38. Rgg8 Kf6 39. Rgd8 Rxd8 40.
Rxd8 Kg5 41. Rxd6 Kxh5 42. Rd7 Kg6 43. Nxe5+ 1-0

[Event "Madrid-ch Previa A"]
[Site "Madrid ESP"]
[Date "2016.02.23"]
[Round "8.11"]
[White "Hernandez Garcia, Carlos"]
[Black "Santamaria Baeza, Adolfo"]
[Result "1-0"]
[WhiteElo "1737"]
[BlackElo "1918"]
[PlyCount "195"]
[EventDate "2016.02.08"]
[EventType "swiss"]
[EventRounds "9"]
[EventCountry "ESP"]
[SourceDate "2016.02.08"]

1. e4 e5 2. Nf3 Nc6 3. Bb5 Nge7 4. c3 Ng6 5. d4 exd4 6. cxd4 Bb4+ 7. Kf1 O-O 8.
a3 Be7 9. d5 Nce5 10. Nxe5 Nxe5 11. f4 Ng6 12. Nc3 d6 13. h4 f5 14. h5 Nh8 15.
e5 dxe5 16. fxe5 Nf7 17. Bf4 h6 18. Bc4 Kh8 19. Qe2 Bg5 20. Bxg5 Qxg5 21. Rd1
Qf4+ 22. Kg1 Nxe5 23. Ba2 Bd7 24. Qf2 Qxf2+ 25. Kxf2 Rad8 26. Ne2 Ba4 27. b3
Bb5 28. Nf4 Rd6 29. Rde1 Ng4+ 30. Kf3 Re8 31. Rxe8+ Bxe8 32. Re1 Nf6 33. Bb1
Bxh5+ 34. Nxh5 Nxh5 35. Re8+ Kh7 36. Bxf5+ g6 37. Be6 c6 38. Re7+ Ng7 39. dxc6
bxc6 40. Bc4 a5 41. Ra7 Rf6+ 42. Ke2 Rf5 43. Ra6 Rg5 44. Kf2 Rc5 45. Ra7 h5 46.
Kf3 Rf5+ 47. Ke3 Rg5 48. Kf3 Kh6 49. Bg8 Rc5 50. a4 Nf5 51. g4 hxg4+ 52. Kxg4
Ne3+ 53. Kf4 Nd5+ 54. Ke4 Nb4 55. Rh7+ Kg5 56. Bc4 Nd5 57. Kd4 Nf6 58. Kxc5
Nxh7 59. Kxc6 Kf6 60. Kb5 Nf8 61. Kxa5 Ke5 62. Kb6 g5 63. Be2 Kd6 64. a5 Nd7+
65. Kb5 Kc7 66. a6 Kb8 67. Kc6 Ne5+ 68. Kd5 Ng6 69. Ke4 Nf4 70. Bf1 Ne6 71. b4
Ka7 72. Kf5 Nc7 73. b5 Nd5 74. Kxg5 Kb6 75. Kg6 Ne7+ 76. Kf7 Nc8 77. Ke8 Kc7
78. Kf7 Na7 79. Ke6 Nc8 80. Kd5 Kb6 81. Kc4 Nd6+ 82. Kb4 Nc8 83. Bg2 Na7 84.
Bf1 Nc8 85. Kc4 Nd6+ 86. Kd4 Nc8 87. Kd5 Ne7+ 88. Kd6 Nf5+ 89. Kd7 Ne3 90. Be2
Nd5 91. Bf3 Nf6+ 92. Kc8 Ka7 93. Kc7 Ne8+ 94. Kc6 Nf6 95. b6+ Ka8 96. Bd5 Kb8
97. Kd6 Ne8+ 98. Ke7 1-0

[Event "Madrid-ch Previa A"]
[Site "Madrid ESP"]
[Date "2016.02.23"]
[Round "8.12"]
[White "Cano Mercado, Francisco Manuel"]
[Black "Galan Aguado, Fernando"]
[Result "1-0"]
[WhiteElo "1827"]
[BlackElo "1738"]
[PlyCount "99"]
[EventDate "2016.02.08"]
[EventType "swiss"]
[EventRounds "9"]
[EventCountry "ESP"]
[SourceDate "2016.02.08"]

1. e4 e6 2. d4 d5 3. Nd2 dxe4 4. Nxe4 Bd7 5. Bd3 Bc6 6. Nf3 Nd7 7. O-O Ngf6 8.
Ng3 Be7 9. b3 O-O 10. Bb2 a5 11. a3 b6 12. c4 h6 13. Re1 Re8 14. Ne5 Bb7 15.
Qe2 Nf8 16. Rad1 c6 17. Ne4 Qc7 18. Nxf6+ Bxf6 19. Qh5 c5 20. dxc5 bxc5 21. Re3
Rad8 22. Rde1 Rd6 23. Bc3 Re7 24. Be2 Qb6 25. h4 Qc7 26. Rg3 Rd4 27. Bxd4 cxd4
28. Ng4 Nh7 29. Bd3 Qf4 30. Bxh7+ Kxh7 31. Nxf6+ Qxf6 32. Qe5 Rd7 33. Qb5 Qd8
34. Rd3 Qc7 35. Qe5 Qc6 36. Rg3 g6 37. h5 g5 38. Rd1 Qd6 39. Qf6 Qf4 40. Qxf4
gxf4 41. Rgd3 e5 42. f3 Rd6 43. b4 Rf6 44. b5 Rf5 45. c5 Bd5 46. c6 Rg5 47.
R1d2 Rg8 48. Kf2 a4 49. Rc2 Rc8 50. Rc5 1-0

[Event "Madrid-ch Previa A"]
[Site "Madrid ESP"]
[Date "2016.02.23"]
[Round "8.13"]
[White "Lozano Sanchez, Jose Antonio"]
[Black "Vazquez Cabeza, Isaac"]
[Result "1-0"]
[WhiteElo "1883"]
[BlackElo "1724"]
[PlyCount "63"]
[EventDate "2016.02.08"]
[EventType "swiss"]
[EventRounds "9"]
[EventCountry "ESP"]
[SourceDate "2016.02.08"]

1. e4 e6 2. Nf3 d5 3. exd5 exd5 4. d4 Nf6 5. Bf4 Bg4 6. Nbd2 c6 7. Bd3 Nbd7 8.
c3 Be7 9. Qc2 O-O 10. h3 Bh5 11. g4 Bg6 12. O-O-O b6 13. Rdg1 c5 14. h4 c4 15.
Bf5 Ne4 16. Nxe4 dxe4 17. Bxe4 Bxe4 18. Qxe4 Re8 19. Qd5 Ne5 20. Qxe5 Bf6 21.
Qd6 Qc8 22. Ne5 Rd8 23. Qb4 a5 24. Qb5 Qe6 25. Kc2 Rd5 26. Qc6 Qxc6 27. Nxc6 g6
28. Be5 Bd8 29. Re1 f6 30. Bg3 Kf7 31. Nxd8+ Raxd8 32. Bc7 1-0

[Event "Madrid-ch Previa A"]
[Site "Madrid ESP"]
[Date "2016.02.23"]
[Round "8.14"]
[White "Serrano Gonzalez, Oscar"]
[Black "Rueda Maria, Ramiro"]
[Result "0-1"]
[WhiteElo "1718"]
[BlackElo "1891"]
[PlyCount "116"]
[EventDate "2016.02.08"]
[EventType "swiss"]
[EventRounds "9"]
[EventCountry "ESP"]
[SourceDate "2016.02.08"]

1. d4 Nf6 2. c4 e6 3. Nc3 Bb4 4. f3 d5 5. a3 Bxc3+ 6. bxc3 c5 7. e3 Nc6 8. Bd3
e5 9. cxd5 Nxd5 10. Ne2 cxd4 11. cxd4 exd4 12. exd4 Qh4+ 13. g3 Qf6 14. Be4 Be6
15. Qd3 Rd8 16. Rb1 Nb6 17. Bb2 Bd5 18. O-O h6 19. Nf4 Ne7 20. Nxd5 Nbxd5 21.
Ba1 Rd7 22. Bxd5 Nxd5 23. Qe4+ Qe6 24. Rfe1 Re7 25. Rb5 Nf6 26. Qxe6 fxe6 27.
Bc3 Kf7 28. Rc5 Rd8 29. Kf2 Rd5 30. h4 Red7 31. g4 b6 32. Rc6 R5d6 33. Rc4 Rd5
34. Kg3 b5 35. Rc6 R7d6 36. Rc5 Ra6 37. Bb2 Rad6 38. Re5 a6 39. g5 hxg5 40.
hxg5 Nd7 41. Rexd5 Rxd5 42. Rxd5 exd5 43. f4 Ke6 44. Kg4 g6 45. Bc3 Nb6 46. Bb4
Nc4 47. Bc5 Ne3+ 48. Kf3 Nc4 49. Kg4 a5 50. Bf8 Ne3+ 51. Kf3 Nc2 52. Bc5 b4 53.
axb4 axb4 54. Ke2 Kf5 55. Kd3 Ne1+ 56. Ke2 b3 57. Ba3 Ng2 58. Kf3 Nxf4 0-1

[Event "Madrid-ch Previa A"]
[Site "Madrid ESP"]
[Date "2016.02.23"]
[Round "8.15"]
[White "Jimenez Jimenez, Darfo"]
[Black "Santos Garay-Cordovil, Salvado"]
[Result "1-0"]
[WhiteElo "1706"]
[BlackElo "1873"]
[PlyCount "128"]
[EventDate "2016.02.08"]
[EventType "swiss"]
[EventRounds "9"]
[EventCountry "ESP"]
[SourceDate "2016.02.08"]

1. e4 e6 2. d4 d5 3. e5 c5 4. c3 Nc6 5. Nf3 cxd4 6. cxd4 Nge7 7. Bd3 Nf5 8.
Bxf5 exf5 9. Qb3 Be7 10. Nc3 Be6 11. Qxb7 Rc8 12. h4 O-O 13. Kf1 a5 14. a3 f6
15. exf6 Bxf6 16. Bg5 Rf7 17. Qb5 Qd7 18. Bxf6 gxf6 19. Re1 Rg7 20. Na4 Rb8 21.
Qd3 Qf7 22. Nc5 Bc8 23. Qd2 Rg4 24. g3 Qh5 25. Kg2 f4 26. Ne6 fxg3 27. fxg3 Qg6
28. Rh3 Re4 29. h5 Qf5 30. Nf4 Rxf4 31. Qxf4 Qxh3+ 32. Kf2 Rxb2+ 33. Re2 Rxe2+
34. Kxe2 Qe6+ 35. Kf2 Ne7 36. Qd2 Qb6 37. Qe2 Qd6 38. Qd3 Bg4 39. h6 Bxf3 40.
Qxf3 Qe6 41. Qc3 Qf5+ 42. Kg2 Qe4+ 43. Kg1 Qb1+ 44. Kg2 Qa2+ 45. Kh3 a4 46. Qf3
Kf7 47. Qh5+ Ng6 48. Qf5 Qb3 49. Qd7+ Ne7 50. Qg4 Qxa3 51. Qg7+ Ke6 52. Qxh7
Qf3 53. Qg7 Qf1+ 54. Kh2 Qe2+ 55. Kh3 Qf1+ 56. Kh2 Qf2+ 57. Kh3 Qf5+ 58. Kh2
Qh5+ 59. Kg2 a3 60. h7 a2 61. Qg8+ Qf7 62. Qg4+ Kd6 63. h8=Q a1=Q 64. Qd8+ Kc6
1-0

[Event "Madrid-ch Previa A"]
[Site "Madrid ESP"]
[Date "2016.02.23"]
[Round "8.16"]
[White "Fernandez Bonilla, Miguel Arcangel"]
[Black "Boni De Aristizabal, Marco"]
[Result "1-0"]
[WhiteElo "1829"]
[BlackElo "1735"]
[PlyCount "59"]
[EventDate "2016.02.08"]
[EventType "swiss"]
[EventRounds "9"]
[EventCountry "ESP"]
[SourceDate "2016.02.08"]

1. e4 Nf6 2. e5 Nd5 3. Nf3 e6 4. d4 g6 5. c4 Nb6 6. Nc3 Bg7 7. Ne4 h6 8. Bf4
Nc6 9. Qd2 Ne7 10. h4 Ng8 11. a4 d5 12. exd6 cxd6 13. Nxd6+ Kf8 14. a5 Nd7 15.
Nb5 Ndf6 16. Bc7 Qe8 17. Ne5 Ne4 18. Qe3 f5 19. f3 Ng3 20. Nd6 Nxh1 21. Nxe8
Kxe8 22. Nxg6 Rh7 23. Bd3 Kd7 24. Bh2 Nf6 25. O-O-O b6 26. Rxh1 Ba6 27. Re1 Re8
28. Qe5 Nd5 29. Qd6+ Kc8 30. cxd5 1-0

[Event "Madrid-ch Previa A"]
[Site "Madrid ESP"]
[Date "2016.02.23"]
[Round "8.17"]
[White "Martinez Miura, Enrique"]
[Black "Lopez Peral, Enrique"]
[Result "1-0"]
[WhiteElo "1653"]
[BlackElo "1816"]
[PlyCount "55"]
[EventDate "2016.02.08"]
[EventType "swiss"]
[EventRounds "9"]
[EventCountry "ESP"]
[SourceDate "2016.02.08"]

1. e4 e5 2. Nf3 Nc6 3. Bb5 d6 4. d4 exd4 5. Nxd4 Bd7 6. Nxc6 bxc6 7. Bc4 Qf6 8.
O-O Be6 9. Qe2 Ne7 10. Nc3 Ng6 11. Bb3 Nf4 12. Bxf4 Qxf4 13. Qa6 Bd7 14. Qb7
Rc8 15. Ba4 Be7 16. Bxc6 Kd8 17. Bxd7 Kxd7 18. Nd5 Qe5 19. Qxa7 h5 20. Nb6+ Ke6
21. Nxc8 h4 22. Qxc7 Re8 23. Nxe7 Rxe7 24. Qc4+ Kd7 25. f4 Qh5 26. h3 f6 27.
Qd5 Qe2 28. Rad1 1-0

[Event "Madrid-ch Previa A"]
[Site "Madrid ESP"]
[Date "2016.02.23"]
[Round "8.19"]
[White "Ortega Morales, Pedro"]
[Black "Lopez Ziegler, Juan Jose"]
[Result "1-0"]
[WhiteElo "1751"]
[BlackElo "1574"]
[PlyCount "97"]
[EventDate "2016.02.08"]
[EventType "swiss"]
[EventRounds "9"]
[EventCountry "ESP"]
[SourceDate "2016.02.08"]

1. d4 Nf6 2. Bf4 d5 3. e3 c5 4. c3 e6 5. Nf3 Bd6 6. Bg3 c4 7. Nbd2 Nc6 8. Be2
Qc7 9. Qc2 Bxg3 10. hxg3 b5 11. e4 dxe4 12. Nxe4 Nxe4 13. Qxe4 Bb7 14. Qh4 Ne7
15. Ne5 Nf5 16. Qh3 O-O-O 17. g4 Nd6 18. Bf3 Ne4 19. Bxe4 Bxe4 20. f3 Bb7 21.
g5 h5 22. g6 fxg6 23. Qxe6+ Kb8 24. Qxg6 Rh6 25. Qf7 Bd5 26. Qxc7+ Kxc7 27. Kf2
Rf8 28. a4 a6 29. axb5 axb5 30. Ra5 Bc6 31. Nxc6 Kxc6 32. Ra6+ Kb7 33. Rxh6
gxh6 34. Rxh5 Ka6 35. Rxh6+ Ka5 36. Re6 Rf5 37. g4 Rf7 38. Re5 Ka4 39. Kg3 Rh7
40. Kg2 Rb7 41. Re2 Kb3 42. f4 Ra7 43. f5 Ra2 44. f6 Rxb2 45. Rxb2+ Kxb2 46. f7
Kxc3 47. f8=Q b4 48. d5 Kb2 49. Qxb4+ 1-0

[Event "Madrid-ch Previa A"]
[Site "Madrid ESP"]
[Date "2016.02.23"]
[Round "8.20"]
[White "Lizon Martinez, Santiago"]
[Black "Guerrero Gonzalez, Francisco"]
[Result "1/2-1/2"]
[WhiteElo "1681"]
[BlackElo "1706"]
[PlyCount "59"]
[EventDate "2016.02.08"]
[EventType "swiss"]
[EventRounds "9"]
[EventCountry "ESP"]
[SourceDate "2016.02.08"]

1. e4 d5 2. exd5 Qxd5 3. Nc3 Qa5 4. d4 Nf6 5. Nf3 Bg4 6. h3 Bh5 7. g4 Bg6 8.
Ne5 e6 9. Bg2 c6 10. O-O Nbd7 11. Nxd7 Nxd7 12. Bf4 Be7 13. a3 O-O 14. b4 Qb6
15. Na4 Qb5 16. c3 Qc4 17. Re1 Nb6 18. Bf1 Qd5 19. Nxb6 axb6 20. Bg2 Qd7 21.
Qf3 b5 22. Ra2 Qd5 23. Qxd5 cxd5 24. Bxd5 Bxb4 25. axb4 exd5 26. Rea1 Rxa2 27.
Rxa2 h6 28. Ra7 Rc8 29. Rxb7 Bd3 30. Rb8 1/2-1/2

[Event "Madrid-ch Previa A"]
[Site "Madrid ESP"]
[Date "2016.02.23"]
[Round "8.21"]
[White "Castro Uceda, Jose Antonio"]
[Black "Viñas Lopez, Carlos"]
[Result "0-1"]
[WhiteElo "1605"]
[BlackElo "1913"]
[PlyCount "56"]
[EventDate "2016.02.08"]
[EventType "swiss"]
[EventRounds "9"]
[EventCountry "ESP"]
[SourceDate "2016.02.08"]

1. d4 Nf6 2. c4 e5 3. dxe5 Ng4 4. Bf4 Nc6 5. Qd5 Bb4+ 6. Nc3 Bxc3+ 7. bxc3 Qe7
8. Nf3 f6 9. exf6 Nxf6 10. Qg5 O-O 11. Bxc7 d6 12. Ba5 d5 13. Bb4 Nxb4 14. cxb4
Qxb4+ 15. Qd2 Qxc4 16. e3 Qg4 17. Rc1 Be6 18. Rc7 Ne4 19. Qb2 b6 20. Be2 Qg6
21. O-O Nc5 22. Kh1 Rf6 23. Qb5 Qc2 24. Nd4 Qxa2 25. Qc6 Raf8 26. Qb5 Rxf2 27.
Kg1 Rxf1+ 28. Bxf1 Qf2+ 0-1

[Event "Madrid-ch Previa A"]
[Site "Madrid ESP"]
[Date "2016.02.23"]
[Round "8.22"]
[White "Gonzalez Recas, Fernando"]
[Black "Martinez Carrasco, Jesus"]
[Result "0-1"]
[WhiteElo "1766"]
[BlackElo "1624"]
[PlyCount "104"]
[EventDate "2016.02.08"]
[EventType "swiss"]
[EventRounds "9"]
[EventCountry "ESP"]
[SourceDate "2016.02.08"]

1. e4 c5 2. Nf3 d6 3. d4 cxd4 4. Nxd4 Nf6 5. Nc3 e6 6. Be3 a6 7. Qd2 Nc6 8. f3
Qc7 9. g4 h6 10. O-O-O b5 11. Kb1 Bd7 12. a3 b4 13. axb4 Nxb4 14. Nb3 Be7 15.
h4 a5 16. Bb5 a4 17. Bxd7+ Qxd7 18. Nc1 a3 19. b3 Qc6 20. N1a2 Nxa2 21. Nxa2 d5
22. e5 Nd7 23. Bd4 Rc8 24. Rc1 Qc7 25. f4 Nc5 26. Bxc5 Qxc5 27. c4 Rb8 28. cxd5
Rxb3+ 29. Ka1 Qxd5 30. Qxd5 exd5 31. Rhd1 O-O 32. Rxd5 Bxh4 33. Rdc5 Bf2 34.
R5c4 Rd8 35. Nc3 Rd4 36. Nd1 Rxc4 37. Rxc4 Bg3 38. Re4 Rf3 39. Ne3 Bxf4 40. Nc4
Rf1+ 41. Ka2 Bc1 42. e6 fxe6 43. Rxe6 Rf4 44. Re8+ Kh7 45. Rc8 Rxg4 46. Nxa3
Rg2+ 47. Nc2 h5 48. Kb3 Bg5 49. Kc3 h4 50. Nd4 Bf6 51. Rc4 Rg4 52. Kd3 Rxd4+
0-1